| 000 | 00757nam a22002657a 4500 | ||
|---|---|---|---|
| 001 | 240012 | ||
| 003 | DO-SdBNP | ||
| 005 | 20180130102851.0 | ||
| 007 | 240012 | ||
| 008 | 160315b 2005 sp xxu||||| |||| 00| 0 spa d | ||
| 020 | _a849759-6501 | ||
| 040 |
_aBPMSU _bspa _cBPMSU |
||
| 100 | 1 |
_aVázquez-Figueroa, Alberto, _d1936- |
|
| 245 |
_aManaos / _cAlberto Vázquez-Figueroa. |
||
| 250 | _a3 ª ed. | ||
| 260 |
_aBarcelona : _bDebolsillo, _c2006. |
||
| 300 |
_a295 p. ; _c16 cm. |
||
| 490 | 1 |
_aBestseller _v69/4 |
|
| 490 | 1 |
_aBiblioteca Alberto Vázquez-Figueroa ; _v4 |
|
| 830 | 0 |
_pBestseller ; _v69/4 |
|
| 830 | 0 |
_pBiblioteca Alberto Vázquez-Figueroa ; _v4 |
|
| 942 |
_2ddc _cBK |
||
| 945 | _aInventariado, 2018/MFF | ||
| 956 |
_2LOPEREZ _310 |
||
| 999 |
_c9245 _d9245 |
||